Maat, joissa on kuninkaallisia perheitä - Statistics

Yleistilastot
  • Tätä visaa on pelattu 87 kertaa
  • Keskiarvotulos 15 / 27
Vastaustilastot
Manner Maa % Oikein
Eurooppa Ruotsi
97%
Eurooppa Yhdistynyt kuningaskunta
94%
Eurooppa Tanska
91%
Eurooppa Norja
89%
Eurooppa Espanja
88%
Eurooppa Belgia
82%
Eurooppa Alankomaat
79%
Aasia Japani
73%
Eurooppa Luxemburg
71%
Eurooppa Liechtenstein
68%
Aasia Thaimaa
67%
Eurooppa Monaco
65%
Aasia Saudi-Arabia
58%
Aasia Oman
50%
Aasia Bhutan
45%
Aasia Jordania
44%
Aasia Yhdistyneet Arabiemiirikunnat
44%
Aasia Qatar
42%
Aasia Brunei
41%
Aasia Kuwait
41%
Aasia Malesia
41%
Oseania Tonga
36%
Aasia Bahrain
35%
Afrikka Marokko
32%
Aasia Kambodža
29%
Afrikka Lesotho
21%
Afrikka Eswatini
9%
Ehtoja vastaavia visoja ei löytynyt
Tulosjakauma
Jokaisen tuloksen saaneiden osuus
Persentiili vastausten määrän mukaan
Tuloshistoriasi
Et ole pelannut tätä visaa